Conservation matters journal of the Conservation Law Foundation

Detalles Bibliográficos
Autor Corporativo: Conservation Law Foundation
Formato: Desconocido
Lenguaje:inglés
Publicado: Boston, MA. : The Foundation
Materias:
Acceso en línea:Acceso restringido

MARC

LEADER 00000ny a22000003n 4500
005 20110511134154.0
008 950912c1994 mauqr p 0 a0eng d
010 |a 98641996   |z sn 98002670 
022 0 |a 1521-9941 
035 |a 3012 
040 |a M  |c M  |d vLex 
050 0 0 |a GE140  |b .C665 
050 0 0 |a GE140  |b .C665 
082 0 0 |a 363.7/00974  |2 21 
090 |c 1681  |d 1681 
245 3 0 |a Conservation matters  |h [Recurso electrn̤ico]  |b journal of the Conservation Law Foundation 
246 3 3 |a Conservation matters (Boston, Mass.) 
256 |a Servicio en ln̕ea 
260 |a Boston, MA. :  |b The Foundation 
310 |a Trimestral 
506 1 |a Contenido solo disponible en los productos indicados  |d vLex Global  |d vLex Global (Academic Edition, excluding Law Schools)  |d vLex Global (Academic Edition, Law Schools) 
650 0 4 |a Ecologa̕ humana  |x Publicaciones periodicas 
650 0 4 |a Medio Ambiente  |x Proteccin̤  |x Publicaciones periodicas 
710 2 |a Conservation Law Foundation 
740 0 |a vLex Revista (Servicios en ln̕ea) 
843 |a Electrn̤ica. Abierta 
853 |8 1  |i (year)  |j (month)  |k (day) 
856 4 0 |z Acceso restringido  |u http://vlex.com/account/login_ip?fuente_id=3012  
942 |c REV 
999 0 |a Environmental protection  |z New England  |v Periodicals. 
999 0 |a Human ecology  |v Periodicals.